000 00308nam a2200121 4500
999 _c11783
_d11783
003 OSt
005 20230726151456.0
008 230726b ||||| |||| 00| 0 eng d
245 _aThe significant of rural housing in integrated rural development
260 _bUnited nations
300 _a117p;
942 _2ddc